Personnalités Première Guerre Mondiale-Mort Subite - Statistiques

Statistiques générales
  • Ce quiz a été pris 426 fois
    412 depuis la dernière actualisation
  • Le résultat moyen est 6 sur 16
Answers on the Grid
Answers color-coded by a green-red scale on the quiz's grid according to % correct below.
Philippe Pétain
Emmanuel Macron
Adolf Hitler
Guillaume II
Helmut Kohl
Manfred von Richthofen
Erich Ludendorff
Paul von Hindenburg
Joseph Goebbels
Charles De Gaulle
François Joseph Ier
Mustapha Kemal
Napoléon Ier
Louise Michel
François Guizot
Ferdinand Foch
George V
Mikhail Gorbatchev
Hermann Goering
Ray Charles
Hirohito
Woodrow Wilson
Gerard Ford
Heinrich Himmler
Jean Marie Le Pen
Benito Mussolini
Pierre I (Serbie)
Pierre II (Brésil)
Théodore Roosevelt
Nicolas II
 
Statistiques - réponses
Réponse % Correct
Philippe Pétain
86%
Guillaume II
55%
Ferdinand Foch
52%
François Joseph Ier
46%
Nicolas II
45%
Paul von Hindenburg
44%
Adolf Hitler
43%
Woodrow Wilson
35%
Charles De Gaulle
34%
Manfred von Richthofen
34%
George V
32%
Pierre I (Serbie)
31%
Erich Ludendorff
30%
Mustapha Kemal
27%
Hermann Goering
14%
Benito Mussolini
12%
Aucun quiz correspondant
Distribution des résultats
% des personnes avec chaque résultat
Percentile par nombre de réponses
Votre historique - résultats
Vous n’avez pas pris ce quiz depuis la dernière actualisation